Review and the Study of Designing and Performance Evaluation of Microbial Fuel Cell for Production the Electric Power by using Tannery Waste (Record no. 66872)

MARC details
000 -LEADER
fixed length control field 00693nam a22001937a 4500
082 ## - DEWEY DECIMAL CLASSIFICATION NUMBER
Classification number R/1CH16
100 ## - MAIN ENTRY--AUTHOR NAME
Personal name Ghulam Hyder Lanjar
100 ## - MAIN ENTRY--AUTHOR NAME
Personal name Roll No. 16CH27
100 ## - MAIN ENTRY--AUTHOR NAME
Personal name Supervisor - Engr. Ahsan Rao
245 ## - TITLE STATEMENT
Title Review and the Study of Designing and Performance Evaluation of Microbial Fuel Cell for Production the Electric Power by using Tannery Waste
260 ## - PUBLICATION, DISTRIBUTION, ETC. (IMPRINT)
Place of publication Nawabshah
Name of publisher QUEST
Year of publication 2019
300 ## - PHYSICAL DESCRIPTION
Number of Pages 87p
700 ## - ADDED ENTRY--PERSONAL NAME
Personal name Azhar Ali Shaikh (Roll No. 16CH30)
700 ## - ADDED ENTRY--PERSONAL NAME
Personal name Hizbullah Bhanbhro (Roll No. 16CH10)
700 ## - ADDED ENTRY--PERSONAL NAME
Personal name Naveed Ahmed Samo (Roll No. 16CH51)
700 ## - ADDED ENTRY--PERSONAL NAME
Personal name Iftikhar Ahmed Soomro (Roll No. 16CH15)
700 ## - ADDED ENTRY--PERSONAL NAME
Personal name Imam Ali Brohi (Roll No. 16CH50)
942 ## - ADDED ENTRY ELEMENTS (KOHA)
Koha item type Thesis and Dissertation
Holdings
Withdrawn status Lost status Home library Current library Date acquired Full call number Accession Number Koha item type
    Research Section Research Section 15/01/2021 R/1CH16 CHP/01-06 Thesis and Dissertation